| 000 | 00674cam a2200217 a 4500 | ||
|---|---|---|---|
| 020 | _a9781617358890 (pbk.) | ||
| 020 | _a9781617358906 (hbk.) | ||
| 020 | _a9781617358913 (ebook) | ||
| 040 | _cDLC | ||
| 082 | 0 | 0 | _a300 INF 2012 A069 Or. |
| 245 | 0 | 0 | _aAdvances in longitudinal methods in the social and behavioral sciences / |
| 260 |
_aCharlotte, NC : _bInformation Age Pub., _cc2012. |
||
| 300 |
_axiii, 339 p. : _bill. ; _c24 cm. |
||
| 490 | 1 | _aCILVR series on latent variable methodology | |
| 650 | 0 | _aSocial sciences | |
| 650 | 0 | _aSocial sciences | |
| 650 | 0 | _aLongitudinal method. | |
| 700 | 1 | _aHarring, Jeffrey, | |
| 700 | 1 | _aHancock, Gregory R. | |
| 942 | _cEK | ||
| 999 |
_c14624 _d14624 |
||